Statistics for Oklahoma City Thunder 2010's Starters

Click here to take the quiz!

General Stats

  • This quiz has been taken 229 times
    (155 since last reset)
  • The average score is 10 of 15

Answer Stats

PlayerStarts% Correct
Russell Westbrook10
100%
Kevin Durant7
100%
Steven Adams5
97%
Serge Ibaka5
92%
Paul George2
86%
Andre Roberson4
76%
Kendrick Perkins3
76%
Carmelo Anthony1
60%
Victor Oladipo1
60%
Jerami Grant1
55%
Terrance Ferguson1
47%
Thabo Sefolosha5
47%
Domantas Sabonis1
37%
Jeff Green2
22%
Nenad Krstic2
14%

Score Distribution

Percentile by Number Answered

Percent of People with Each Score

Your Score History

You have not taken this quiz since the last reset